[Event "Let's Play Chess!"]
[Site "http://www.queenalice.com/game.php?id=1148785"]
[Date "2013.2.4"]
[Round "-"]
[White "artkrup"]
[Black "digger"]
[Result "0-1"]
[WhiteElo "1454"]
[BlackElo "1467"]

1. e4 e5 2. Nf3 d6 3. Nc3 Bg4 4. h3 Bxf3 5. Qxf3 f6 6. Bc4 Qe7 7. Nd5 Qd7 8. d3
c6 9. Ne3 b5 10. Bxg8 Rxg8 11. b3 a5 12. Bb2 h6 13. O-O-O Be7 14. d4 Rf8 15. d5
c5 16. Nf5 Bd8 17. Qh5+ Rf7 18. Nxg7+ Kf8 19. Nf5 Rh7 20. Nxh6 Qg7 21. Qf7+ Qxf7
22. Nxf7 Rxf7 23. g4 Rh7 24. h4 Bb6 25. a3 c4 26. f3 Nd7 27. bxc4 bxc4 28. h5
Rb8 29. a4 Nc5 30. Rhf1 Kg7 31. Ba3 Nxa4 32. Bxd6 Rb7 33. f4 exf4 34. Rxf4 Be3+
35. Rd2 Bxf4 36. Bxf4 c3 37. d6 cxd2+ 38. Kxd2 Nc5 39. Kc3 a4 40. Kd4 Ne6+ 41.
Ke3 a3 42. e5 fxe5 43. Bxe5+ Kf7 44. c4 a2 45. Ba1 Rd7 0-1

[Event "Let's Play Chess!"]
[Site "http://www.queenalice.com/game.php?id=1148786"]
[Date "2013.2.4"]
[Round "-"]
[White "artkrup"]
[Black "spawnwolfwolverine"]
[Result "1-0"]
[WhiteElo "1626"]
[BlackElo "1579"]

1. e4 e5 2. Nc3 d6 3. Nf3 Bg4 4. h3 Bxf3 5. Qxf3 Qf6 6. d3 Qxf3 7. gxf3 g6 8.
Be3 Bh6 9. Bxh6 Nxh6 10. Nd5 Na6 11. d4 c6 12. Nf6+ Ke7 13. Ng4 Nxg4 14. hxg4
exd4 15. O-O-O c5 16. a3 h5 17. g5 f6 18. Bxa6 bxa6 19. gxf6+ Kxf6 20. c3 dxc3
21. bxc3 g5 22. Rxd6+ Ke5 23. Rd5+ Kf4 24. Rf5# 1-0

[Event "Let's Play Chess!"]
[Site "http://www.queenalice.com/game.php?id=1148787"]
[Date "2013.2.4"]
[Round "-"]
[White "artkrup"]
[Black "spawnwolfwolverine"]
[Result "0-1"]
[WhiteElo "1389"]
[BlackElo "1640"]

1. e4 e5 2. Nc3 d6 3. Nf3 Bg4 4. h3 Bxf3 5. Qxf3 Qf6 6. Nd5 Qd8 7. Bc4 Na6 8.
Nb6 Nf6 9. Nd5 Be7 10. Bxa6 bxa6 11. Nxf6+ Bxf6 12. d3 O-O 13. g4 Bg5 14. h4
Bxc1 15. Rxc1 c6 16. g5 d5 17. exd5 Qxd5 18. Qxd5 cxd5 19. Rf1 f6 20. c4 Rac8
21. Kd2 dxc4 22. dxc4 fxg5 23. hxg5 e4 24. b3 a5 25. Rfe1 Rxf2+ 26. Re2 Rd8+ 27.
Ke3 Rxe2+ 28. Kxe2 Re8 29. Ke3 h6 30. Rg1 hxg5 31. Rxg5 a4 32. bxa4 Kf7 33. c5
Kf6 34. c6 Kxg5 35. c7 Kf5 36. Kd4 Kf4 37. Kd5 e3 38. Kd6 e2 39. Kd7 Rh8 40.
c8=Q Rxc8 41. Kxc8 e1=Q 0-1

[Event "Let's Play Chess!"]
[Site "http://www.queenalice.com/game.php?id=1148788"]
[Date "2013.2.4"]
[Round "-"]
[White "artkrup"]
[Black "spawnwolfwolverine"]
[Result "0-1"]
[WhiteElo "1383"]
[BlackElo "1591"]

1. e4 e5 2. Nf3 d6 3. Nc3 Bg4 4. h3 Bxf3 5. Qxf3 Qf6 6. Nd5 Qd8 7. Bc4 Na6 8.
Nb6 Nf6 9. Nd5 Be7 10. Bxa6 bxa6 11. d3 Nxd5 12. exd5 O-O 13. Qg3 g6 14. c4 f5
15. h4 f4 16. Qg4 Qc8 17. f3 Qxg4 18. fxg4 a5 19. h5 g5 20. h6 a4 21. a3 c5 22.
b4 cxb4 23. axb4 a5 24. b5 Bd8 25. Rxa4 f3 26. gxf3 Rxf3 27. Ke2 Rg3 28. c5 dxc5
29. Rh5 Rb8 30. Bxg5 Bxg5 31. Rxg5+ Kh8 32. Rxa5 Rh3 33. Rxe5 Rxh6 34. d6 Rxd6
35. Rxc5 h6 36. Rh5 Kg7 37. Ke3 Re6+ 38. Kf4 Rd6 39. Ke3 Kg6 40. d4 Re8+ 41. Kd3
Red8 42. Ra6 Rxa6 43. bxa6 Ra8 44. Ra5 Kf6 45. d5 Ke5 46. a7 Kf4 47. d6 Kxg4 48.
d7 h5 49. d8=Q Rxd8+ 50. Ke4 h4 51. a8=Q Rxa8 52. Rxa8 h3 53. Rh8 Kg3 54. Rg8+
Kh2 55. Kf3 Kh1 56. Rh8 h2 0-1

[Event "Let's Play Chess!"]
[Site "http://www.queenalice.com/game.php?id=1148789"]
[Date "2013.2.4"]
[Round "-"]
[White "artkrup"]
[Black "spawnwolfwolverine"]
[Result "0-1"]
[WhiteElo "1375"]
[BlackElo "1599"]

1. e4 e5 2. Nf3 d6 3. Bc4 Bg4 4. h3 Bxf3 5. Qxf3 Qf6 6. Nc3 Qxf3 7. gxf3 Nc6 8.
a3 O-O-O 9. d3 g6 10. Bxf7 Nf6 11. Bd5 Nxd5 12. exd5 Nd4 13. Bg5 Nxf3+ 14. Ke2
Nxg5 15. b4 Bg7 16. a4 e4 17. Ra3 Bxc3 18. Rxc3 exd3+ 19. cxd3 Rde8+ 20. Kd2 h5
21. Rc4 Rhf8 22. f4 Nf3+ 23. Kc3 Re1 24. Rxe1 Nxe1 25. b5 a6 26. b6 Rf7 27. a5
Ng2 28. Re4 cxb6 29. Re6 Rxf4 30. Rxg6 Ne3 31. Rxd6 bxa5 32. Kd2 Ng2 33. Rh6 a4
34. Rxh5 a3 35. d6 Rh4 36. Ra5 Rxh3 37. Rxa3 Kd7 38. Rb3 Kxd6 39. Rxb7 Kc6 40.
Rb2 Nf4 41. Rb3 Rxd3+ 42. Rxd3 Nxd3 43. Kxd3 Kc5 44. Kc3 a5 45. Kb3 Kb5 46. Ka3
a4 47. Ka2 Kb4 48. Kb2 Kc4 49. Ka3 Kb5 50. Ka2 Kb4 51. Kb2 Ka5 52. Ka3 Kb5 53.
Kb2 Kb4 54. Ka2 a3 55. Kb1 Kb3 56. Ka1 Kb4 57. Ka2 Ka4 58. Kb1 Kb3 0-1

[Event "Let's Play Chess!"]
[Site "http://www.queenalice.com/game.php?id=1148790"]
[Date "2013.2.4"]
[Round "-"]
[White "artkrup"]
[Black "spawnwolfwolverine"]
[Result "1-0"]
[WhiteElo "1640"]
[BlackElo "1614"]

1. e4 e5 2. Nf3 d6 3. d4 exd4 4. Nxd4 Bd7 5. Nc3 Nc6 6. Nxc6 Bxc6 7. Bc4 Nf6 8.
Bg5 Be7 9. f3 O-O 10. Bxf6 Bxf6 11. Qd2 Bh4+ 12. g3 Bg5 13. f4 Bh6 14. g4 g6 15.
g5 Bg7 16. O-O-O Bxc3 17. Qxc3 Bxe4 18. Rhe1 Bf5 19. h4 a6 20. Bd3 Bxd3 21. Qxd3
b5 22. h5 b4 23. h6 f6 24. Re6 fxg5 25. Qd4 Rxf4 26. Qg7# 1-0

[Event "Challenge"]
[Site "http://www.queenalice.com/game.php?id=1151069"]
[Date "2013.2.12"]
[Round "-"]
[White "vinoseco"]
[Black "artkrup"]
[Result "1-0"]
[WhiteElo "1686"]
[BlackElo "1554"]

1. e4 e5 2. d4 exd4 3. Qxd4 Nc6 4. Qd3 Ne5 5. Qd4 Bd6 6. Nf3 Nxf3+ 7. gxf3 Qe7
8. Qxg7 Qf6 9. Bh6 Qxg7 10. Bxg7 Bf4 11. Bxh8 f6 12. Rg1 b6 13. Rxg8+ Kf7 14.
Bc4+ Ke7 15. Rg7+ Kd6 16. Rxh7 Kc5 17. Na3 c6 18. Bxf6 a6 19. Be7+ d6 20. c3 b5
21. Bd3 Be6 22. Rh5+ Kb6 23. Rh4 Re8 24. Bf6 Be5 25. Bxe5 dxe5 26. b3 Rf8 27.
O-O-O Rxf3 28. Be2 Rxc3+ 29. Kb2 Rc5 30. Rh7 a5 31. Rd8 1-0

[Event "Let's Play Chess!"]
[Site "http://www.queenalice.com/game.php?id=1157637"]
[Date "2013.3.4"]
[Round "-"]
[White "artkrup"]
[Black "hamurobi"]
[Result "0-1"]
[WhiteElo "1574"]
[BlackElo "1479"]

1. e4 e5 2. Nf3 d6 3. Nc3 h6 4. Bc4 Bg4 5. h3 Bh5 6. g4 Bg6 7. h4 Nf6 8. h5 Bxe4
9. Nxe4 Nxe4 10. d3 Nc5 11. Be3 a6 12. Bxc5 dxc5 13. Nxe5 Qe7 14. Qe2 Qf6 15.
Nxf7+ Be7 16. Nxh8 Nd7 17. O-O-O Ne5 0-1

[Event "Let's Play Chess!"]
[Site "http://www.queenalice.com/game.php?id=1157640"]
[Date "2013.3.4"]
[Round "-"]
[White "artkrup"]
[Black "spawnwolfwolverine"]
[Result "0-1"]
[WhiteElo "1592"]
[BlackElo "1552"]

1. e4 e5 2. d4 exd4 3. Nf3 c5 4. c3 dxc3 5. bxc3 Nf6 6. Bd3 Be7 7. Bg5 O-O 8.
Bxf6 Bxf6 9. O-O b6 10. e5 Bg5 11. Nxg5 Qxg5 12. f4 Qh4 13. Be4 Nc6 14. g3 Qh6
15. Bxc6 Qxc6 16. Nd2 d5 0-1

[Event "Let's Play Chess!"]
[Site "http://www.queenalice.com/game.php?id=1157641"]
[Date "2013.3.4"]
[Round "-"]
[White "artkrup"]
[Black "spawnwolfwolverine"]
[Result "0-1"]
[WhiteElo "1632"]
[BlackElo "1512"]

1. e4 e5 2. d4 exd4 3. Nf3 c5 4. c3 dxc3 5. bxc3 Nf6 6. Bd3 d6 7. Nbd2 Be7 8.
Bb2 O-O 9. O-O a6 10. Re1 b5 11. c4 b4 12. h3 a5 13. a3 Bb7 14. axb4 axb4 15.
Bxf6 Bxf6 16. Rxa8 Bxa8 0-1

[Event "Let's Play Chess!"]
[Site "http://www.queenalice.com/game.php?id=1157642"]
[Date "2013.3.4"]
[Round "-"]
[White "artkrup"]
[Black "spawnwolfwolverine"]
[Result "0-1"]
[WhiteElo "1655"]
[BlackElo "1489"]

1. e4 e5 2. d4 exd4 3. Nf3 c5 4. c3 dxc3 5. bxc3 g6 6. Be3 Bg7 7. Bxc5 Nf6 8.
Bd3 d6 9. Bd4 O-O 10. h3 Nc6 11. h4 Nxd4 12. cxd4 b6 13. Nbd2 Bb7 14. d5 Ng4 15.
Rh3 Bxa1 16. Qxa1 Qe7 0-1

[Event "Let's Play Chess!"]
[Site "http://www.queenalice.com/game.php?id=1157643"]
[Date "2013.3.4"]
[Round "-"]
[White "artkrup"]
[Black "spawnwolfwolverine"]
[Result "0-1"]
[WhiteElo "1512"]
[BlackElo "1546"]

1. e4 e5 2. d4 exd4 3. Nf3 c5 4. c3 dxc3 5. bxc3 Nf6 6. Bd3 d6 7. Bc4 Be7 8. Bd5
Nxd5 9. Qxd5 Nc6 10. O-O O-O 11. Bb2 Be6 12. Qh5 g6 13. Qh6 Bf6 14. Nbd2 Bg7 15.
Qe3 f5 16. Ng5 Bf7 17. f3 fxe4 0-1

[Event "Let's Play Chess!"]
[Site "http://www.queenalice.com/game.php?id=1157644"]
[Date "2013.3.4"]
[Round "-"]
[White "artkrup"]
[Black "spawnwolfwolverine"]
[Result "0-1"]
[WhiteElo "1497"]
[BlackElo "1561"]

1. e4 e5 2. d4 exd4 3. Nf3 c5 4. c3 dxc3 5. Nxc3 Nf6 6. Bd3 d6 7. Bc4 Be7 8. Qb3
O-O 9. Ng5 a6 10. Nxf7 Rxf7 11. Bxf7+ Kh8 12. Bg5 b5 13. Bxf6 Bxf6 14. O-O-O
Bxc3 15. bxc3 Qg5+ 16. Kb1 Qe5 17. Qd5 Qxd5 0-1

[Event "Let's Play Chess!"]
[Site "http://www.queenalice.com/game.php?id=1157645"]
[Date "2013.3.4"]
[Round "-"]
[White "artkrup"]
[Black "spawnwolfwolverine"]
[Result "0-1"]
[WhiteElo "1484"]
[BlackElo "1574"]

1. e4 e5 2. d4 exd4 3. Nf3 c5 4. c3 dxc3 5. Nxc3 b6 6. Bc4 Bb7 7. Nd2 g6 8. Qf3
Nf6 9. Qf4 d6 10. e5 dxe5 11. O-O Bg7 12. Qxe5+ Qe7 13. Qxe7+ Kxe7 14. f3 Nbd7
15. Re1+ Kd6 16. Bxf7 Bh6 17. Nc4+ Kc7 0-1

[Event "Let's Play Chess!"]
[Site "http://www.queenalice.com/game.php?id=1157646"]
[Date "2013.3.4"]
[Round "-"]
[White "artkrup"]
[Black "spawnwolfwolverine"]
[Result "0-1"]
[WhiteElo "1611"]
[BlackElo "1533"]

1. e4 e5 2. Nf3 d6 3. d4 exd4 4. Nxd4 Bd7 5. Nc3 Nc6 6. Nxc6 Bxc6 7. f3 g6 8.
Be3 Bh6 9. Bxh6 Nxh6 10. Bb5 Bxb5 11. a4 Bc6 12. Qd2 Ng8 13. O-O Nf6 14. Rfe1
O-O 15. b4 b6 0-1

[Event "Let's Play Chess!"]
[Site "http://www.queenalice.com/game.php?id=1162371"]
[Date "2013.3.18"]
[Round "-"]
[White "artkrup"]
[Black "adelio"]
[Result "0-1"]
[WhiteElo "1472"]
[BlackElo "1723"]

1. e4 e5 2. Nf3 f6 3. d4 Nc6 4. d5 Nce7 5. Nc3 a6 6. Bc4 d6 7. Be3 b5 8. O-O
bxc4 9. Qe2 h5 10. Qxc4 h4 11. h3 g5 12. Kh2 g4 13. Ng1 g3+ 14. fxg3 hxg3+ 15.
Kxg3 Ng6 0-1

[Event "Let's Play Chess!"]
[Site "http://www.queenalice.com/game.php?id=1162372"]
[Date "2013.3.18"]
[Round "-"]
[White "artkrup"]
[Black "spawnwolfwolverine"]
[Result "0-1"]
[WhiteElo "1455"]
[BlackElo "1601"]

1. e4 e5 2. Nf3 d6 3. Nc3 Bg4 4. Be2 Nf6 5. d3 Be7 6. h3 Bxf3 7. Bxf3 O-O 8. Bg5
Nc6 9. Bxf6 Bxf6 10. a3 b6 11. O-O Nd4 12. Ne2 Nxf3+ 13. gxf3 Bh4 14. Ng3 Qg5
0-1

[Event "Let's Play Chess!"]
[Site "http://www.queenalice.com/game.php?id=1162373"]
[Date "2013.3.18"]
[Round "-"]
[White "artkrup"]
[Black "spawnwolfwolverine"]
[Result "0-1"]
[WhiteElo "1466"]
[BlackElo "1590"]

1. e4 e5 2. Nf3 d6 3. Nc3 Bg4 4. Be2 Bxf3 5. Bxf3 Nf6 6. d3 Be7 7. h3 O-O 8. Bg5
Nc6 9. Bxf6 Bxf6 10. a3 a6 11. O-O Nd4 12. Ne2 Nxf3+ 13. gxf3 Bh4 14. Ng3 Bxg3
15. fxg3 Qg5 0-1

[Event "Challenge"]
[Site "http://www.queenalice.com/game.php?id=1168504"]
[Date "2013.4.5"]
[Round "-"]
[White "skimonline"]
[Black "artkrup"]
[Result "1-0"]
[WhiteElo "1417"]
[BlackElo "1421"]

1. a4 e5 2. Nf3 Nc6 3. c3 Nf6 4. b4 d5 5. a5 a6 6. d4 e4 7. Ne5 Nxe5 8. dxe5 Ng4
9. f4 b5 10. h3 Nh6 11. h4 c5 12. h5 f6 13. exf6 Qxf6 14. Qxd5 Rb8 15. bxc5 Bb7
16. Qe5+ Qxe5 17. fxe5 Bxc5 18. Nd2 Ng4 19. Nb3 1-0

[Event "Challenge"]
[Site "http://www.queenalice.com/game.php?id=1168506"]
[Date "2013.4.5"]
[Round "-"]
[White "skimonline"]
[Black "artkrup"]
[Result "1-0"]
[WhiteElo "1399"]
[BlackElo "1439"]

1. e4 e5 2. d3 Nc6 3. Nc3 Nf6 4. Qf3 Bb4 5. a3 Bxc3+ 6. bxc3 d6 7. a4 Bg4 8. Qg3
h5 9. h3 Bd7 10. Qxg7 Rg8 11. Qh6 Qe7 12. Bg5 Rg6 13. Bxf6 Rxh6 14. Bxe7 Kxe7
15. a5 a6 16. Nf3 b6 17. axb6 1-0